| 000 | 00811nam a22002777a 4500 | ||
|---|---|---|---|
| 001 | BR2023000957 | ||
| 003 | BR-BrBNA | ||
| 005 | 20230817134540.0 | ||
| 008 | 230817b bl.||||| |||| 00| 0 por d | ||
| 040 |
_aBR-BrBNA _bpor _cBiblioteca Nacional de Agricultura |
||
| 041 | _apor | ||
| 072 |
_aL20 ; C10 ; D50 _b5120 |
||
| 090 | _a5120 BR2023000957 | ||
| 110 | _aAssociação Brasileira de Criadores de Cavalo Quarto de Milha, São Paulo, SP (Brazil) | ||
| 245 |
_aEquitação western: modalidades _bApostila 4 |
||
| 260 |
_aSão Paulo, SP (Brazil) _c[nd] |
||
| 300 | _a45 p. | ||
| 500 | _aPublished after 2020; 31 illus.; 1 table | ||
| 650 | _aEQUINOCULTURA | ||
| 650 | _aCAVALO | ||
| 650 | _aRAÇA | ||
| 650 | _aEQUITAÇÃO | ||
| 650 | _aJULGAMENTO | ||
| 909 |
_a202308 _bFernando |
||
| 942 | _cBK | ||
| 999 |
_c9832 _d9832 |
||